[Event "Team Championship (men blitz)"]
[Site "Sochi"]
[Date "2017.10.05"]
[Round "3.9"]
[White "Khismatullin, Denis"]
[Black "Rakhmanov, Aleksandr"]
[Result "1-0"]
[LiveChessVersion "1.4.8"]
[BlackElo "2600"]
[WhiteElo "2660"]

1. Nf3 {[%clk 0:03:03]} Nf6 {[%clk 0:03:03]} 2. g3 {[%clk 0:03:03]} g6
{[%clk 0:03:04]} 3. b3 {[%clk 0:03:04]} Bg7 {[%clk 0:03:04]} 4. Bb2
{[%clk 0:03:06]} O-O {[%clk 0:03:05]} 5. Bg2 {[%clk 0:03:07]} d5 {[%clk 0:03:01]}
6. c4 {[%clk 0:03:07]} c6 {[%clk 0:03:02]} 7. O-O {[%clk 0:03:07]} Bg4
{[%clk 0:03:03]} 8. d3 {[%clk 0:03:08]} Bxf3 {[%clk 0:02:57]} 9. Bxf3
{[%clk 0:03:09]} e6 {[%clk 0:02:58]} 10. Nd2 {[%clk 0:03:07]} Ne8
{[%clk 0:02:58]} 11. d4 {[%clk 0:03:07]} Nd6 {[%clk 0:02:58]} 12. e3
{[%clk 0:03:07]} f5 {[%clk 0:02:56]} 13. a4 {[%clk 0:02:59]} a5 {[%clk 0:02:49]}
14. Ba3 {[%clk 0:02:49]} Na6 {[%clk 0:02:48]} 15. Be2 {[%clk 0:02:43]} Re8
{[%clk 0:02:29]} 16. cxd5 {[%clk 0:02:25]} exd5 {[%clk 0:02:26]} 17. Bxa6
{[%clk 0:02:25]} Rxa6 {[%clk 0:02:27]} 18. b4 {[%clk 0:02:26]} axb4
{[%clk 0:02:26]} 19. Bxb4 {[%clk 0:02:26]} Ne4 {[%clk 0:02:17]} 20. a5
{[%clk 0:01:56]} Qd7 {[%clk 0:02:14]} 21. Qb3 {[%clk 0:01:53]} h5
{[%clk 0:01:52]} 22. Rab1 {[%clk 0:01:36]} h4 {[%clk 0:01:50]} 23. Nxe4
{[%clk 0:01:16]} fxe4 {[%clk 0:01:46]} 24. Bc5 {[%clk 0:01:17]} Rb8
{[%clk 0:01:30]} 25. f3 {[%clk 0:00:53]} hxg3 {[%clk 0:01:11]} 26. fxe4
{[%clk 0:00:40]} gxh2+ {[%clk 0:01:00]} 27. Kh1 {[%clk 0:00:41]} Rxa5
{[%clk 0:00:47]} 28. Rb2 {[%clk 0:00:35]} Rb5 {[%clk 0:00:40]} 29. Qa2
{[%clk 0:00:29]} Rxb2 {[%clk 0:00:29]} 30. Qxb2 {[%clk 0:00:30]} Qh3
{[%clk 0:00:25]} 31. Qf2 {[%clk 0:00:12]} dxe4 {[%clk 0:00:21]} 32. Bd6
{[%clk 0:00:13]} Ra8 {[%clk 0:00:19]} 33. Be5 {[%clk 0:00:08]} Bxe5
{[%clk 0:00:12]} 34. Qf7+ {[%clk 0:00:09]} Kh8 {[%clk 0:00:13]} 35. dxe5
{[%clk 0:00:10]} Qh7 {[%clk 0:00:04]} 36. Qf6+ {[%clk 0:00:08]} Qg7
{[%clk 0:00:05]} 37. Qh4+ {[%clk 0:00:08]} Kg8 {[%clk 0:00:07]} 38. Qxe4
{[%clk 0:00:09]} Re8 {[%clk 0:00:06]} 39. e6 {[%clk 0:00:08]} Re7
{[%clk 0:00:04]} 40. Rd1 {[%clk 0:00:07]} Kh7 {[%clk 0:00:04]} 41. Qh4+
{[%clk 0:00:07]} Kg8 {[%clk 0:00:05]} 42. Rd8+ {[%clk 0:00:08]} 1-0

[Event "Team Championship (men blitz)"]
[Site "Sochi"]
[Date "2017.10.05"]
[Round "3.10"]
[White "Rozum, Ivan"]
[Black "Pridorozhni, Aleksei"]
[Result "1-0"]
[LiveChessVersion "1.4.8"]
[BlackElo "2671"]
[WhiteElo "2553"]

1. c4 {[%clk 0:03:03]} d6 {[%clk 0:03:01]} 2. g3 {[%clk 0:03:04]} g6
{[%clk 0:02:58]} 3. Bg2 {[%clk 0:03:05]} Bg7 {[%clk 0:02:59]} 4. Nc3
{[%clk 0:03:05]} Nf6 {[%clk 0:03:00]} 5. d3 {[%clk 0:03:06]} O-O {[%clk 0:02:59]}
6. e4 {[%clk 0:03:06]} c5 {[%clk 0:02:56]} 7. Nge2 {[%clk 0:03:07]} Nc6
{[%clk 0:02:56]} 8. h3 {[%clk 0:03:07]} a6 {[%clk 0:02:50]} 9. a4
{[%clk 0:03:08]} Ne8 {[%clk 0:02:47]} 10. Be3 {[%clk 0:03:08]} Nd4
{[%clk 0:02:47]} 11. O-O {[%clk 0:03:08]} Nc7 {[%clk 0:02:47]} 12. f4
{[%clk 0:03:06]} Nxe2+ {[%clk 0:02:46]} 13. Qxe2 {[%clk 0:03:03]} Ne6
{[%clk 0:02:46]} 14. f5 {[%clk 0:03:00]} Nd4 {[%clk 0:02:46]} 15. Qf2
{[%clk 0:02:54]} gxf5 {[%clk 0:02:44]} 16. h4 {[%clk 0:02:47]} Rb8
{[%clk 0:02:37]} 17. Kh1 {[%clk 0:02:44]} Kh8 {[%clk 0:02:34]} 18. Nd5
{[%clk 0:02:38]} fxe4 {[%clk 0:02:15]} 19. dxe4 {[%clk 0:02:36]} f5
{[%clk 0:02:10]} 20. Bg5 {[%clk 0:01:52]} fxe4 {[%clk 0:01:41]} 21. Bxe7
{[%clk 0:01:52]} Rxf2 {[%clk 0:01:34]} 22. Bxd8 {[%clk 0:01:53]} Rxf1+
{[%clk 0:01:28]} 23. Rxf1 {[%clk 0:01:54]} Bh3 {[%clk 0:01:14]} 24. Bc7
{[%clk 0:01:16]} Bxg2+ {[%clk 0:01:14]} 25. Kxg2 {[%clk 0:01:17]} Re8
{[%clk 0:01:15]} 26. Bxd6 {[%clk 0:00:51]} e3 {[%clk 0:01:12]} 27. Re1
{[%clk 0:00:52]} e2 {[%clk 0:00:42]} 28. Nc3 {[%clk 0:00:51]} b6 {[%clk 0:00:38]}
29. Bf4 {[%clk 0:00:52]} Kg8 {[%clk 0:00:20]} 30. Kf2 {[%clk 0:00:53]} Rf8
{[%clk 0:00:13]} 31. Nxe2 {[%clk 0:00:51]} Ne6 {[%clk 0:00:14]} 32. b3
{[%clk 0:00:50]} Rd8 {[%clk 0:00:13]} 33. Nc1 {[%clk 0:00:44]} Kf7
{[%clk 0:00:13]} 34. Be3 {[%clk 0:00:44]} Bc3 {[%clk 0:00:11]} 35. Rf1
{[%clk 0:00:45]} Ke7 {[%clk 0:00:11]} 36. Ke2 {[%clk 0:00:46]} Rg8
{[%clk 0:00:10]} 37. Rg1 {[%clk 0:00:40]} Bd4 {[%clk 0:00:11]} 38. Nd3
{[%clk 0:00:40]} Kd6 {[%clk 0:00:10]} 39. g4 {[%clk 0:00:40]} Re8
{[%clk 0:00:09]} 40. Rg3 {[%clk 0:00:39]} Bxe3 {[%clk 0:00:07]} 41. Kxe3
{[%clk 0:00:38]} Nd4+ {[%clk 0:00:08]} 42. Kf2 {[%clk 0:00:25]} Re2+
{[%clk 0:00:08]} 43. Kf1 {[%clk 0:00:27]} Rh2 {[%clk 0:00:10]} 44. h5
{[%clk 0:00:26]} Nxb3 {[%clk 0:00:10]} 45. Nf4 {[%clk 0:00:22]} Nd4
{[%clk 0:00:10]} 46. Nd5 {[%clk 0:00:23]} b5 {[%clk 0:00:11]} 47. axb5
{[%clk 0:00:22]} axb5 {[%clk 0:00:12]} 48. Nf6 {[%clk 0:00:17]} b4
{[%clk 0:00:13]} 49. Rg2 {[%clk 0:00:09]} Rh1+ {[%clk 0:00:11]} 50. Kf2
{[%clk 0:00:10]} b3 {[%clk 0:00:11]} 51. Ke3 {[%clk 0:00:12]} Re1+
{[%clk 0:00:10]} 52. Kd3 {[%clk 0:00:12]} Ke5 {[%clk 0:00:10]} 53. Nd7+
{[%clk 0:00:13]} Kd6 {[%clk 0:00:11]} 54. Nf6 {[%clk 0:00:14]} Ke5
{[%clk 0:00:12]} 55. Nd7+ {[%clk 0:00:15]} Kd6 {[%clk 0:00:13]} 56. Nf6
{[%clk 0:00:12]} Rd1+ {[%clk 0:00:14]} 57. Kc3 {[%clk 0:00:13]} Rc1+
{[%clk 0:00:15]} 58. Kb2 {[%clk 0:00:09]} Rxc4 {[%clk 0:00:14]} 59. Nxh7
{[%clk 0:00:11]} Ra4 {[%clk 0:00:15]} 60. Kc3 {[%clk 0:00:11]} Kd5
{[%clk 0:00:15]} 61. Nf6+ {[%clk 0:00:10]} Ke6 {[%clk 0:00:16]} 62. Ne4
{[%clk 0:00:10]} Nb5+ {[%clk 0:00:16]} 63. Kd3 {[%clk 0:00:10]} Rd4+
{[%clk 0:00:16]} 64. Ke3 {[%clk 0:00:11]} c4 {[%clk 0:00:15]} 65. h6
{[%clk 0:00:12]} Kf7 {[%clk 0:00:13]} 66. g5 {[%clk 0:00:14]} Kg6
{[%clk 0:00:14]} 67. Rf2 {[%clk 0:00:14]} Rd3+ {[%clk 0:00:14]} 68. Kf4
{[%clk 0:00:12]} c3 {[%clk 0:00:12]} 69. Kg4 {[%clk 0:00:11]} c2 {[%clk 0:00:07]}
70. Rf6+ Kh7 71. Rf7+ {[%clk 0:00:13]} Kg8 {[%clk 0:00:07]} 72. g6
{[%clk 0:00:04]} c1=Q {[%clk 0:00:04]} 73. Nf6+ {[%clk 0:00:05]} 1-0

[Event "Team Championship (men blitz)"]
[Site "Sochi"]
[Date "2017.10.05"]
[Round "3.11"]
[White "Jakovenko, Dmitry"]
[Black "Moiseenko, Vadim"]
[Result "1-0"]
[LiveChessVersion "1.4.8"]
[BlackElo "2497"]
[WhiteElo "2589"]

1. Nf3 {[%clk 0:03:03]} Nf6 {[%clk 0:03:04]} 2. g3 {[%clk 0:03:04]} b6
{[%clk 0:03:05]} 3. Bg2 {[%clk 0:03:05]} Bb7 {[%clk 0:03:06]} 4. O-O
{[%clk 0:03:04]} d5 {[%clk 0:03:05]} 5. b3 {[%clk 0:03:03]} e6 {[%clk 0:03:05]}
6. Bb2 {[%clk 0:03:04]} Be7 {[%clk 0:03:06]} 7. c4 {[%clk 0:03:01]} dxc4
{[%clk 0:03:04]} 8. bxc4 {[%clk 0:03:02]} c5 {[%clk 0:03:05]} 9. Nc3
{[%clk 0:02:39]} O-O {[%clk 0:03:05]} 10. e3 {[%clk 0:02:30]} Nc6
{[%clk 0:03:06]} 11. Qe2 {[%clk 0:02:31]} Rc8 {[%clk 0:03:03]} 12. Rad1
{[%clk 0:02:30]} Qc7 {[%clk 0:02:55]} 13. Ne1 {[%clk 0:02:13]} Rfd8
{[%clk 0:02:52]} 14. f4 {[%clk 0:02:13]} Nb4 {[%clk 0:02:49]} 15. Nb5
{[%clk 0:01:33]} Qd7 {[%clk 0:02:50]} 16. a3 {[%clk 0:01:28]} Bxg2
{[%clk 0:02:48]} 17. Kxg2 {[%clk 0:01:29]} Nc6 {[%clk 0:02:34]} 18. Nc3
{[%clk 0:01:29]} Qb7 {[%clk 0:02:21]} 19. Qf3 {[%clk 0:01:29]} Rd7
{[%clk 0:02:08]} 20. h3 {[%clk 0:01:23]} Rcd8 {[%clk 0:02:09]} 21. Rf2
{[%clk 0:01:21]} Na5 {[%clk 0:01:58]} 22. Qxb7 {[%clk 0:01:21]} Nxb7
{[%clk 0:01:59]} 23. d3 {[%clk 0:01:22]} Ne8 {[%clk 0:01:52]} 24. Rb1
{[%clk 0:01:19]} Bf6 {[%clk 0:01:47]} 25. Nb5 {[%clk 0:01:19]} Bxb2
{[%clk 0:01:48]} 26. Rbxb2 {[%clk 0:01:21]} Na5 {[%clk 0:01:35]} 27. g4
{[%clk 0:01:21]} Nd6 {[%clk 0:01:35]} 28. a4 {[%clk 0:01:22]} Nc6
{[%clk 0:01:32]} 29. Nxd6 {[%clk 0:01:16]} Rxd6 {[%clk 0:01:33]} 30. Rb3
{[%clk 0:01:17]} e5 {[%clk 0:01:27]} 31. Kf1 {[%clk 0:01:04]} exf4
{[%clk 0:01:20]} 32. Rxf4 {[%clk 0:01:05]} Re8 {[%clk 0:01:15]} 33. Kf2
{[%clk 0:01:05]} Rde6 {[%clk 0:00:59]} 34. Ng2 {[%clk 0:01:04]} h6
{[%clk 0:00:54]} 35. Rc3 {[%clk 0:00:57]} Rd6 {[%clk 0:00:51]} 36. Rf5
{[%clk 0:00:54]} Red8 {[%clk 0:00:51]} 37. Ne1 {[%clk 0:00:54]} g6
{[%clk 0:00:49]} 38. Rf4 {[%clk 0:00:54]} Kg7 {[%clk 0:00:51]} 39. Re4
{[%clk 0:00:53]} Kf6 {[%clk 0:00:31]} 40. Ke2 {[%clk 0:00:53]} Kg7
{[%clk 0:00:29]} 41. Ng2 {[%clk 0:00:53]} Nb4 {[%clk 0:00:28]} 42. Ne1
{[%clk 0:00:51]} R6d7 {[%clk 0:00:29]} 43. Ra3 {[%clk 0:00:48]} Nc6
{[%clk 0:00:26]} 44. Ng2 {[%clk 0:00:49]} Nb4 {[%clk 0:00:27]} 45. Ne1
{[%clk 0:00:50]} Nc6 {[%clk 0:00:27]} 46. Ng2 {[%clk 0:00:51]} Rd6
{[%clk 0:00:22]} 47. h4 {[%clk 0:00:43]} R8d7 {[%clk 0:00:18]} 48. Nf4
{[%clk 0:00:41]} Ne7 {[%clk 0:00:13]} 49. a5 {[%clk 0:00:38]} f5 {[%clk 0:00:13]}
50. gxf5 {[%clk 0:00:37]} gxf5 {[%clk 0:00:14]} 51. Re6 {[%clk 0:00:38]} Rxe6
{[%clk 0:00:12]} 52. Nxe6+ Kf6 53. Nf4 {[%clk 0:00:39]} Ke5 {[%clk 0:00:13]} 54.
axb6 axb6 55. Ra6 {[%clk 0:00:39]} Rb7 {[%clk 0:00:14]} 56. h5 {[%clk 0:00:39]}
Kd6 {[%clk 0:00:15]} 57. d4 {[%clk 0:00:38]} Nc6 {[%clk 0:00:15]} 58. d5
{[%clk 0:00:28]} Ne5 {[%clk 0:00:15]} 59. Ra4 {[%clk 0:00:29]} Rg7
{[%clk 0:00:15]} 60. Kf2 {[%clk 0:00:29]} Rg4 {[%clk 0:00:14]} 61. Ra7
{[%clk 0:00:27]} Nxc4 {[%clk 0:00:15]} 62. Rh7 {[%clk 0:00:28]} b5
{[%clk 0:00:06]} 63. Rxh6+ Kc7 64. Rc6+ {[%clk 0:00:30]} Kd7 {[%clk 0:00:09]} 65.
Rxc5 {[%clk 0:00:31]} Nd6 {[%clk 0:00:09]} 66. Rc1 {[%clk 0:00:31]} Ne4+
{[%clk 0:00:09]} 67. Ke2 {[%clk 0:00:30]} Rh4 {[%clk 0:00:09]} 68. Rg1
{[%clk 0:00:30]} Rh2+ {[%clk 0:00:10]} 69. Rg2 {[%clk 0:00:26]} Rxg2+
{[%clk 0:00:07]} 70. Nxg2 {[%clk 0:00:27]} Ng3+ {[%clk 0:00:08]} 71. Kd3
{[%clk 0:00:25]} Nxh5 {[%clk 0:00:09]} 72. Kd4 {[%clk 0:00:23]} Kd6
{[%clk 0:00:10]} 73. Nh4 {[%clk 0:00:15]} Ng3 {[%clk 0:00:12]} 74. Ng6
{[%clk 0:00:12]} Ne2+ {[%clk 0:00:13]} 75. Kd3 {[%clk 0:00:13]} Nc1+
{[%clk 0:00:14]} 76. Kd4 {[%clk 0:00:14]} Nb3+ {[%clk 0:00:15]} 77. Kc3
{[%clk 0:00:15]} Nc5 {[%clk 0:00:14]} 78. Kb4 {[%clk 0:00:13]} Nd3+
{[%clk 0:00:07]} 79. Kxb5 {[%clk 0:00:13]} Kxd5 {[%clk 0:00:09]} 80. Ne7+
{[%clk 0:00:14]} Ke5 {[%clk 0:00:10]} 81. Nxf5 {[%clk 0:00:15]} Kxf5
{[%clk 0:00:11]} 82. e4+ {[%clk 0:00:16]} Kxe4 1-0

[Event "Team Championship (men blitz)"]
[Site "Sochi"]
[Date "2017.10.05"]
[Round "3.12"]
[White "Gogolev, Artem"]
[Black "Iljiushenok, Ilia"]
[Result "0-1"]
[LiveChessVersion "1.4.8"]
[BlackElo "2409"]
[WhiteElo "2330"]

1. Nf3 {[%clk 0:03:03]} Nf6 {[%clk 0:03:03]} 2. g3 {[%clk 0:03:04]} g6
{[%clk 0:03:04]} 3. b3 {[%clk 0:03:05]} Bg7 {[%clk 0:03:05]} 4. Bb2
{[%clk 0:03:06]} O-O {[%clk 0:03:05]} 5. Bg2 {[%clk 0:03:08]} d6 {[%clk 0:03:06]}
6. d4 {[%clk 0:03:08]} c5 {[%clk 0:02:35]} 7. dxc5 {[%clk 0:03:06]} dxc5
{[%clk 0:02:36]} 8. Qxd8 {[%clk 0:03:06]} Rxd8 {[%clk 0:02:37]} 9. Nbd2
{[%clk 0:03:07]} Nc6 {[%clk 0:02:34]} 10. O-O-O {[%clk 0:03:07]} Bf5
{[%clk 0:02:30]} 11. a3 {[%clk 0:02:47]} Rac8 {[%clk 0:02:28]} 12. h3
{[%clk 0:02:48]} Nd4 {[%clk 0:02:22]} 13. Nxd4 {[%clk 0:01:50]} cxd4
{[%clk 0:02:23]} 14. e4 {[%clk 0:01:01]} dxe3 {[%clk 0:02:23]} 15. Nc4
{[%clk 0:01:02]} exf2 {[%clk 0:02:24]} 16. Rhf1 {[%clk 0:00:45]} Rxd1+
{[%clk 0:02:16]} 17. Kxd1 {[%clk 0:00:45]} Rd8+ {[%clk 0:01:45]} 18. Kc1
{[%clk 0:00:35]} b5 {[%clk 0:01:46]} 19. Ne5 {[%clk 0:00:32]} Bh6+
{[%clk 0:01:41]} 20. Kb1 {[%clk 0:00:31]} Rd2 {[%clk 0:01:28]} 21. Nd3
{[%clk 0:00:16]} Rxd3 {[%clk 0:01:19]} 22. cxd3 {[%clk 0:00:14]} Bxd3+
{[%clk 0:01:20]} 23. Ka2 {[%clk 0:00:15]} Bxf1 24. Bxf1 {[%clk 0:00:16]} Ne4
{[%clk 0:01:18]} 0-1

[Event "Team Championship (men blitz)"]
[Site "Sochi"]
[Date "2017.10.05"]
[Round "3.13"]
[White "Pogromsky, Mikhail"]
[Black "Dubov, Daniil"]
[Result "0-1"]
[LiveChessVersion "1.4.8"]
[BlackElo "2775"]
[WhiteElo "2450"]

1. d4 {[%clk 0:03:03]} e6 {[%clk 0:03:03]} 2. Nc3 {[%clk 0:03:01]} d5
{[%clk 0:03:02]} 3. e4 {[%clk 0:03:02]} Bb4 {[%clk 0:03:03]} 4. exd5
{[%clk 0:03:00]} exd5 {[%clk 0:03:03]} 5. Bd3 {[%clk 0:02:50]} c6
{[%clk 0:03:03]} 6. Qf3 {[%clk 0:02:48]} Qf6 {[%clk 0:02:59]} 7. Qxf6
{[%clk 0:02:41]} Nxf6 {[%clk 0:03:00]} 8. Nge2 {[%clk 0:02:41]} O-O
{[%clk 0:02:57]} 9. a3 {[%clk 0:02:42]} Ba5 {[%clk 0:02:53]} 10. Bd2
{[%clk 0:02:40]} Bb6 {[%clk 0:02:48]} 11. f3 {[%clk 0:02:36]} Nbd7
{[%clk 0:02:47]} 12. O-O-O {[%clk 0:02:33]} Re8 {[%clk 0:02:47]} 13. Rde1
{[%clk 0:02:26]} Nf8 {[%clk 0:02:47]} 14. Na4 {[%clk 0:02:24]} Bc7
{[%clk 0:02:48]} 15. Ng3 {[%clk 0:02:15]} Ne6 {[%clk 0:02:34]} 16. Ne2
{[%clk 0:02:05]} b6 {[%clk 0:02:26]} 17. Nac3 {[%clk 0:01:57]} Bd7
{[%clk 0:02:23]} 18. g4 {[%clk 0:01:46]} a5 {[%clk 0:02:17]} 19. h4
{[%clk 0:01:37]} b5 {[%clk 0:02:14]} 20. Nd1 {[%clk 0:01:32]} c5 {[%clk 0:02:02]}
21. dxc5 {[%clk 0:01:22]} Nxc5 {[%clk 0:02:02]} 22. Nd4 {[%clk 0:00:57]} Nxd3+
{[%clk 0:01:41]} 23. cxd3 {[%clk 0:00:57]} Bb6 {[%clk 0:01:40]} 24. Nf5
{[%clk 0:00:46]} h5 {[%clk 0:01:06]} 25. Bg5 {[%clk 0:00:31]} hxg4
{[%clk 0:00:55]} 26. fxg4 {[%clk 0:00:31]} Nxg4 {[%clk 0:00:47]} 27. Ne7+
{[%clk 0:00:30]} Kh7 {[%clk 0:00:47]} 28. Nxd5 {[%clk 0:00:28]} Bd4
{[%clk 0:00:47]} 29. Rxe8 {[%clk 0:00:20]} Rxe8 {[%clk 0:00:46]} 30. Rf1
{[%clk 0:00:20]} Be6 {[%clk 0:00:37]} 31. N5c3 {[%clk 0:00:08]} b4
{[%clk 0:00:29]} 32. axb4 {[%clk 0:00:09]} axb4 {[%clk 0:00:30]} 33. Ne4
{[%clk 0:00:09]} Rc8+ {[%clk 0:00:27]} 34. Kb1 {[%clk 0:00:04]} Bb3
{[%clk 0:00:27]} 0-1

[Event "Team Championship (men blitz)"]
[Site "Sochi"]
[Date "2017.10.05"]
[Round "3.14"]
[White "Morozevich, Alexander"]
[Black "Vokarev, Sergey"]
[Result "1-0"]
[LiveChessVersion "1.4.8"]
[BlackElo "2427"]
[WhiteElo "2642"]

1. d4 {[%clk 0:03:03]} d5 {[%clk 0:03:03]} 2. c4 {[%clk 0:03:03]} e6
{[%clk 0:03:04]} 3. Nc3 {[%clk 0:03:04]} Nf6 {[%clk 0:03:05]} 4. Bg5
{[%clk 0:03:05]} Nbd7 {[%clk 0:03:05]} 5. cxd5 {[%clk 0:03:05]} exd5
{[%clk 0:03:04]} 6. e3 {[%clk 0:03:06]} c6 {[%clk 0:03:02]} 7. Bd3
{[%clk 0:03:07]} Be7 {[%clk 0:03:03]} 8. Qc2 {[%clk 0:03:08]} Nh5
{[%clk 0:03:03]} 9. Bxe7 {[%clk 0:02:57]} Qxe7 {[%clk 0:03:04]} 10. Nge2
{[%clk 0:02:49]} g6 {[%clk 0:03:01]} 11. g4 {[%clk 0:02:49]} Ng7 {[%clk 0:02:56]}
12. Rg1 {[%clk 0:02:31]} Nb6 {[%clk 0:02:55]} 13. O-O-O {[%clk 0:02:31]} Be6
{[%clk 0:02:48]} 14. f4 {[%clk 0:02:12]} f5 {[%clk 0:02:25]} 15. g5
{[%clk 0:02:10]} O-O-O {[%clk 0:02:21]} 16. Kb1 {[%clk 0:01:58]} Bf7
{[%clk 0:02:20]} 17. Rg3 {[%clk 0:01:51]} h6 {[%clk 0:02:15]} 18. gxh6
{[%clk 0:01:46]} Rxh6 {[%clk 0:02:15]} 19. Ng1 {[%clk 0:01:42]} Rdh8
{[%clk 0:02:07]} 20. Nf3 {[%clk 0:01:35]} Be8 {[%clk 0:01:50]} 21. Rd2
{[%clk 0:01:36]} Nh5 {[%clk 0:01:22]} 22. Rh3 {[%clk 0:00:48]} Nf6
{[%clk 0:01:23]} 23. Rxh6 {[%clk 0:00:48]} Rxh6 {[%clk 0:01:24]} 24. Ne5
{[%clk 0:00:48]} Kb8 {[%clk 0:01:14]} 25. Rg2 {[%clk 0:00:49]} Qh7
{[%clk 0:01:10]} 26. Qf2 {[%clk 0:00:43]} Nc8 {[%clk 0:01:09]} 27. Qg3
{[%clk 0:00:37]} Nd6 {[%clk 0:01:08]} 28. a3 {[%clk 0:00:39]} a6 {[%clk 0:01:08]}
29. Qg5 {[%clk 0:00:40]} Nfe4 {[%clk 0:00:52]} 30. Bxe4 {[%clk 0:00:39]} 1-0

[Event "Team Championship (men blitz)"]
[Site "Sochi"]
[Date "2017.10.05"]
[Round "3.15"]
[White "Kozlov, Oleg"]
[Black "Savchenko, Boris"]
[Result "1-0"]
[LiveChessVersion "1.4.8"]
[BlackElo "2630"]
[WhiteElo "2286"]

1. c4 {[%clk 0:03:03]} Nf6 {[%clk 0:03:02]} 2. g3 {[%clk 0:03:04]} g6
{[%clk 0:03:03]} 3. Bg2 {[%clk 0:03:05]} Bg7 {[%clk 0:03:04]} 4. d4
{[%clk 0:03:06]} d6 {[%clk 0:03:06]} 5. Nf3 {[%clk 0:03:05]} Nc6 {[%clk 0:03:06]}
6. b3 {[%clk 0:03:04]} e5 {[%clk 0:03:05]} 7. dxe5 {[%clk 0:03:06]} Ng4 8. Bb2
Ngxe5 {[%clk 0:03:07]} 9. Nxe5 {[%clk 0:02:25]} Nxe5 {[%clk 0:03:07]} 10. Nc3
{[%clk 0:02:22]} O-O {[%clk 0:03:07]} 11. O-O {[%clk 0:02:22]} Rb8
{[%clk 0:03:08]} 12. Qd2 {[%clk 0:02:12]} a6 {[%clk 0:03:09]} 13. Rad1
{[%clk 0:02:05]} Bg4 {[%clk 0:03:07]} 14. h3 {[%clk 0:01:59]} Bf5
{[%clk 0:03:08]} 15. Kh2 {[%clk 0:01:34]} Qc8 {[%clk 0:02:55]} 16. Nd5
{[%clk 0:01:29]} Re8 {[%clk 0:02:47]} 17. f4 {[%clk 0:01:14]} Nc6
{[%clk 0:02:46]} 18. Bxg7 {[%clk 0:01:14]} Kxg7 {[%clk 0:02:43]} 19. Qb2+
{[%clk 0:01:08]} Kh6 {[%clk 0:02:43]} 20. Nf6 {[%clk 0:00:46]} Re6
{[%clk 0:02:04]} 21. g4 {[%clk 0:00:47]} Qh8 {[%clk 0:01:41]} 22. Ng8+
{[%clk 0:00:22]} Rxg8 {[%clk 0:01:26]} 23. g5+ {[%clk 0:00:24]} Kh5
{[%clk 0:01:27]} 24. Bf3+ {[%clk 0:00:25]} Kh4 {[%clk 0:01:29]} 25. Qd2
{[%clk 0:00:22]} 1-0

[Event "Team Championship (men blitz)"]
[Site "Sochi"]
[Date "2017.10.05"]
[Round "3.16"]
[White "Bocharov, Dmitry"]
[Black "Ozgibcev, Anatoly"]
[Result "1-0"]
[LiveChessVersion "1.4.8"]
[BlackElo "2354"]
[WhiteElo "2653"]

1. c4 {[%clk 0:03:01]} e6 {[%clk 0:03:04]} 2. Nf3 {[%clk 0:03:01]} d5
{[%clk 0:03:05]} 3. g3 {[%clk 0:03:02]} c5 {[%clk 0:03:06]} 4. Bg2
{[%clk 0:03:03]} Nc6 {[%clk 0:03:07]} 5. O-O {[%clk 0:03:03]} Nf6
{[%clk 0:03:07]} 6. cxd5 {[%clk 0:03:03]} exd5 {[%clk 0:03:09]} 7. d4
{[%clk 0:03:02]} cxd4 {[%clk 0:03:08]} 8. Nxd4 {[%clk 0:03:02]} Be7
{[%clk 0:03:09]} 9. Nc3 {[%clk 0:03:02]} O-O {[%clk 0:03:10]} 10. Be3
{[%clk 0:03:01]} Bg4 {[%clk 0:03:11]} 11. h3 {[%clk 0:02:47]} Be6
{[%clk 0:03:11]} 12. Qd3 {[%clk 0:02:39]} Ne5 {[%clk 0:02:44]} 13. Qb5
{[%clk 0:02:39]} Nc4 {[%clk 0:02:37]} 14. Bf4 {[%clk 0:02:40]} Nb6
{[%clk 0:02:24]} 15. Rad1 {[%clk 0:02:35]} Qc8 {[%clk 0:02:15]} 16. Kh2
{[%clk 0:02:23]} Rd8 {[%clk 0:02:10]} 17. Rd3 {[%clk 0:02:12]} Nc4
{[%clk 0:02:00]} 18. Rc1 {[%clk 0:01:58]} a6 {[%clk 0:01:47]} 19. Qb3
{[%clk 0:01:52]} Qd7 {[%clk 0:01:35]} 20. Nxe6 {[%clk 0:01:46]} fxe6
{[%clk 0:01:31]} 21. e4 {[%clk 0:01:47]} Na5 {[%clk 0:01:18]} 22. Qd1
{[%clk 0:01:37]} d4 {[%clk 0:01:14]} 23. e5 {[%clk 0:01:37]} Nd5 {[%clk 0:00:52]}
24. Nxd5 {[%clk 0:01:34]} exd5 {[%clk 0:00:52]} 25. Rxd4 {[%clk 0:01:35]} Nc6
{[%clk 0:00:46]} 26. Rxd5 {[%clk 0:01:35]} Qe8 {[%clk 0:00:41]} 27. Qb3
{[%clk 0:01:35]} Kf8 {[%clk 0:00:18]} 28. Qxb7 {[%clk 0:01:34]} Na5
{[%clk 0:00:11]} 29. Rxd8 {[%clk 0:01:31]} Rxd8 1-0

[Event "Team Championship (men blitz)"]
[Site "Sochi"]
[Date "2017.10.05"]
[Round "3.17"]
[White "Kurbedinov, Ramis"]
[Black "Fedoseev, Vladimir"]
[Result "1/2-1/2"]
[LiveChessVersion "1.4.8"]
[BlackElo "2656"]
[WhiteElo "2259"]

1. d4 {[%clk 0:03:03]} Nf6 {[%clk 0:03:03]} 2. c4 e6 3. Nf3 {[%clk 0:03:03]} d5
{[%clk 0:03:06]} 4. Nc3 {[%clk 0:03:03]} Be7 {[%clk 0:03:07]} 5. Bg5
{[%clk 0:03:03]} O-O {[%clk 0:03:08]} 6. e3 {[%clk 0:03:04]} b6 {[%clk 0:03:08]}
7. cxd5 {[%clk 0:03:00]} exd5 {[%clk 0:03:10]} 8. Bd3 {[%clk 0:02:58]} Bb7
{[%clk 0:03:11]} 9. O-O {[%clk 0:02:49]} Nbd7 {[%clk 0:03:12]} 10. Rc1
{[%clk 0:02:47]} h6 {[%clk 0:03:14]} 11. Bh4 {[%clk 0:02:47]} c5 {[%clk 0:03:13]}
12. dxc5 {[%clk 0:02:44]} bxc5 {[%clk 0:03:15]} 13. Bb1 {[%clk 0:02:40]} Rb8
{[%clk 0:03:09]} 14. Qc2 {[%clk 0:02:35]} g6 {[%clk 0:02:59]} 15. Rfd1
{[%clk 0:02:33]} Re8 {[%clk 0:02:51]} 16. h3 {[%clk 0:02:25]} Qa5
{[%clk 0:02:49]} 17. a3 {[%clk 0:02:08]} d4 {[%clk 0:02:50]} 18. exd4
{[%clk 0:02:03]} Bxf3 {[%clk 0:02:50]} 19. gxf3 {[%clk 0:02:04]} cxd4
{[%clk 0:02:52]} 20. Rxd4 {[%clk 0:01:51]} Ne5 {[%clk 0:02:53]} 21. Kg2
{[%clk 0:01:40]} Qb6 {[%clk 0:02:54]} 22. Rcd1 {[%clk 0:00:57]} Qxb2
{[%clk 0:02:39]} 23. Bg3 {[%clk 0:00:34]} Qxc2 {[%clk 0:02:27]} 24. Bxc2
{[%clk 0:00:35]} Bxa3 {[%clk 0:02:28]} 25. Nd5 {[%clk 0:00:21]} Nh5
{[%clk 0:02:18]} 26. Re4 {[%clk 0:00:15]} Bb2 {[%clk 0:02:04]} 27. Ba4
{[%clk 0:00:12]} Re6 {[%clk 0:02:01]} 28. f4 {[%clk 0:00:09]} Nd7
{[%clk 0:01:38]} 29. Rxe6 {[%clk 0:00:07]} fxe6 {[%clk 0:01:39]} 30. Bxd7
{[%clk 0:00:07]} exd5 {[%clk 0:01:41]} 31. Rxd5 {[%clk 0:00:07]} Nf6
{[%clk 0:01:32]} 32. Be6+ {[%clk 0:00:08]} Kf8 {[%clk 0:01:33]} 33. Ra5
{[%clk 0:00:08]} Rb6 {[%clk 0:01:33]} 34. Ba2 {[%clk 0:00:06]} a6
{[%clk 0:01:33]} 35. Bc4 {[%clk 0:00:06]} Rb4 {[%clk 0:01:28]} 36. Bxa6
{[%clk 0:00:07]} Rd4 {[%clk 0:01:16]} 37. Be2 {[%clk 0:00:07]} Nd5
{[%clk 0:01:11]} 38. f5 {[%clk 0:00:07]} gxf5 {[%clk 0:01:03]} 39. Bf3
{[%clk 0:00:09]} Ne7 {[%clk 0:00:58]} 40. Ra7 {[%clk 0:00:08]} Ba3
{[%clk 0:00:57]} 41. Rxa3 f4 {[%clk 0:00:57]} 42. Bh4 {[%clk 0:00:07]} Nf5
{[%clk 0:00:56]} 43. Bf6 {[%clk 0:00:08]} Rd6 {[%clk 0:00:57]} 44. Be5
{[%clk 0:00:09]} Nh4+ {[%clk 0:00:54]} 45. Kf1 {[%clk 0:00:10]} Re6
{[%clk 0:00:55]} 46. Bxf4 {[%clk 0:00:10]} Rf6 {[%clk 0:00:56]} 47. Ra8+
{[%clk 0:00:11]} Ke7 {[%clk 0:00:55]} 48. Ra7+ {[%clk 0:00:12]} Kf8
{[%clk 0:00:54]} 49. Ra8+ {[%clk 0:00:13]} Ke7 {[%clk 0:00:54]} 50. Ra7+
{[%clk 0:00:13]} Kf8 {[%clk 0:00:55]} 51. Ra8+ {[%clk 0:00:12]} Ke7
{[%clk 0:00:56]} 52. Ra7+ {[%clk 0:00:10]} Kf8 53. Ra8+ Ke7 {[%clk 0:00:57]} 54.
Ra7+ {[%clk 0:00:13]} 1/2-1/2